[Event "Play your favorite openings again"]
[Site "SchemingMind.com"]
[Date "2021.03.29"]
[Round "-"]
[White "Thomas Jacob Kelly"]
[Black "kenneth m day"]
[Result "0-1"]
[WhiteCountry "USA"]
[BlackCountry "USA"]
[WhiteElo "1725"]
[WhiteRD "75"]
[BlackElo "1640"]
[BlackRD "53"]
[GameID "710007"]

1. e4 e5 2. Nf3 Nc6 3. Bb5 a6 4. Ba4 Nf6 5. O-O Nxe4 6. d4 b5 7. Bb3 d5 8. dxe5 Be6 9. Nbd2 Nc5 10. c3 Nxb3
11. axb3 Be7 12. Re1 O-O 13. Nf1 f6 14. Qc2 fxe5 15. Nxe5 Nxe5 16. Rxe5 Bf7 17. Be3 Bf6 18. Bf4 Bxe5 19. Bxe5 Bg6 20. Qd2 Qd7
21. c4 Rad8 22. Rxa6 dxc4 23. Qxd7 Rxd7 24. bxc4 Rd1 25. b3 bxc4 26. bxc4 Bd3 27. Ra1 Rxa1 28. Bxa1 Bxc4 29. f3 Bxf1 30. Kxf1 Rc8
31. h4 g6 32. Ke2 Kf7 33. Kd3 Ke6 34. g4 Kd5 35. Ke3 c5 36. g5 Kc4 37. Kd2 Rf8 38. Bf6 Ra8 39. f4 Ra2+ 40. Ke3 Rh2
41. Kf3 Rxh4 42. f5 gxf5 43. g6 Rh3+ 44. Kg2 Rh6 45. g7 Rg6+ 46. Kf3 Kd3 47. Kf4 c4
0-1

[Event "Play your favorite openings again"]
[Site "SchemingMind.com"]
[Date "2021.03.30"]
[Round "-"]
[White "Thomas Jacob Kelly"]
[Black "Raymond de Kemp"]
[Result "0-1"]
[WhiteCountry "USA"]
[BlackCountry "NED"]
[WhiteElo "1759"]
[WhiteRD "70"]
[BlackElo "1843"]
[BlackRD "70"]
[GameID "710008"]

1. e4 c5 2. Nf3 d6 3. d4 cxd4 4. Nxd4 Nf6 5. Nc3 a6 6. Bg5 e6 7. f4 Be7 8. Qf3 Qc7 9. O-O-O Nbd7 10. g4 h6
11. Bh4 g5 12. fxg5 Ne5 13. gxf6 Nxf3 14. Nxf3 Bd8 15. e5 d5 16. Kb1 Bd7 17. Bd3 Bc6 18. Rhg1 Qb6 19. g5 hxg5 20. Rxg5 Qc5
21. Rdg1 Rf8 22. Nd1 d4 23. Nd2 Bd5 24. Bf2 b5 25. R1g4 Ba5 26. Bxd4 Qc7 27. Ne4 O-O-O 28. Bc5 Bxe4 29. Bxf8 Bxd3 30. cxd3 Bd2
31. Nc3 Rxf8 32. Rg8 Rxg8 33. Rxg8+ Kb7 34. Kc2 Bf4
0-1

[Event "Play your favorite openings again"]
[Site "SchemingMind.com"]
[Date "2021.03.31"]
[Round "-"]
[White "Raymond de Kemp"]
[Black "Thomas Jacob Kelly"]
[Result "1-0"]
[WhiteCountry "NED"]
[BlackCountry "USA"]
[WhiteElo "1843"]
[WhiteRD "70"]
[BlackElo "1759"]
[BlackRD "70"]
[GameID "710009"]

1. f4 Nf6 2. Nf3 g6 3. g3 d5 4. Bg2 Bg7 5. O-O O-O 6. d3 c6 7. Qe1 Bf5 8. Nd4 Qc8 9. Nxf5 Qxf5 10. Nd2 Na6
11. Nb3 Rfd8 12. Nd4 Qd7 13. c3 Nc7 14. e4 Nb5 15. Nxb5 cxb5 16. e5 Ne8 17. Be3 Nc7 18. Rd1 e6 19. c4 bxc4 20. dxc4 Qc6
21. cxd5 exd5 22. Rc1 Qd7 23. Qf2 Nb5 24. Rfd1 Qe6 25. Qf1 a6 26. a4 Na7 27. Qd3 Nc6 28. Bc5 b6 29. Bxd5 Rxd5 30. Qxd5 Qxd5
31. Rxd5 bxc5 32. Rdxc5 Ne7 33. Rc7 Kf8 34. Rb7 Nd5 35. Rd1 Rd8 36. Ra7 g5 37. Rxa6 gxf4 38. gxf4 Ke7 39. Ra7+ Ke6 40. b4 Rb8
41. Ra6+
1-0

[Event "Play your favorite openings again"]
[Site "SchemingMind.com"]
[Date "2021.04.03"]
[Round "-"]
[White "capablanca"]
[Black "Robert Hatfield"]
[Result "1/2-1/2"]
[WhiteCountry "GER"]
[BlackCountry "USA"]
[WhiteElo "1645"]
[WhiteRD "68"]
[BlackElo "1766"]
[BlackRD "61"]
[GameID "710022"]

1. e4 e6 2. Nf3 d5 3. exd5 exd5 4. d4 Nf6 5. Bf4 Bg4 6. Be2 Bd6 7. Ne5 Bxe2 8. Qxe2 O-O 9. O-O c5 10. c3 Nc6
11. Nxc6 bxc6 12. Bxd6 Qxd6 13. b3 Rfe8 14. Qf3 Ne4 15. Rd1 Re6 16. Nd2 cxd4 17. cxd4 Rae8 18. g3 h6 19. Nxe4 Rxe4 20. Qc3 Re2
21. Rd2 Re1+ 22. Rxe1 Rxe1+ 23. Kg2 Qg6 24. Qf3 Ra1 25. a4 Qb1 26. Kh3 Qg6 27. Kg2 Re1=
1/2-1/2

[Event "Play your favorite openings again"]
[Site "SchemingMind.com"]
[Date "2021.04.03"]
[Round "-"]
[White "Robert Hatfield"]
[Black "capablanca"]
[Result "1-0"]
[WhiteCountry "USA"]
[BlackCountry "GER"]
[WhiteElo "1766"]
[WhiteRD "61"]
[BlackElo "1645"]
[BlackRD "68"]
[GameID "710023"]

1. c4 Nf6 2. g3 e5 3. Bg2 Bc5 4. Nc3 c6 5. e3 d5 6. cxd5 cxd5 7. d4 exd4 8. exd4 Qe7+ 9. Nge2 Bb4 10. O-O Be6
11. Bf4 Nbd7 12. Rc1 Nb6 13. a3 Bd6 14. Bxd6 Qxd6 15. h3 a6 16. Nf4 O-O 17. Re1 Rac8 18. Nxe6 fxe6 19. Rc2 Nc4 20. Rce2 Rce8
21. Qc1 b5 22. Kh2 Nh5 23. Rxe6 Rxe6 24. Rxe6 Qd7 25. Bxd5 Kh8 26. Re2 a5 27. Bxc4 bxc4 28. Qe3 Nf6 29. Qe7 Qc8 30. d5
1-0

[Event "Play your favorite openings again"]
[Site "SchemingMind.com"]
[Date "2021.04.03"]
[Round "-"]
[White "David Hartley"]
[Black "Robert Hatfield"]
[Result "1-0"]
[WhiteCountry "ENG"]
[BlackCountry "USA"]
[WhiteElo "1773"]
[WhiteRD "79"]
[BlackElo "1791"]
[BlackRD "60"]
[GameID "710024"]

1. e4 e6 2. d4 d5 3. e5 c5 4. c3 Qb6 5. Nf3 Nc6 6. a3 c4 7. Nbd2 Na5 8. Be2 Bd7 9. O-O Ne7 10. Rb1 Qc7
11. Re1 Nc8 12. Nf1 Nb6 13. Bf4 f5 14. h3 Be7 15. Ne3 Nb3 16. Nd2 Ba4 17. Nxb3 Bxb3 18. Qd2 g5 19. Bh2 h5 20. Bd1 Bxd1
21. Nxd1 O-O-O 22. f3 g4 23. f4 h4 24. Kf1 gxh3 25. gxh3 Rdg8 26. Ne3 Bf8 27. Re2 Qh7 28. Rg2 Rg3 29. Bxg3 hxg3 30. Rxg3 Be7
31. Ng2 Nd7 32. Re1 Nf8 33. Ree3 Ng6 34. Rgf3 Nh4 35. Nxh4 Bxh4 36. Re2 Qh5 37. Qe3 Qe8 38. Qd2 Qh5 39. Ree3 Rg8 40. Qh2 Kb8
41. Qh1 Kc7 42. Re2 Kb8 43. Rc2 Qe8 44. Rg2 Rg6 45. Rxg6 Qxg6 46. Qg2 Qf7 47. Ke2 Kc7 48. Rf1 Qh5+ 49. Ke3 Qf7 50. Rg1 Kd7
51. Qg7 Ke7 52. Qxf7+ Kxf7 53. Kd2
1-0

[Event "Play your favorite openings again"]
[Site "SchemingMind.com"]
[Date "2021.04.03"]
[Round "-"]
[White "Robert Hatfield"]
[Black "David Hartley"]
[Result "1-0"]
[WhiteCountry "USA"]
[BlackCountry "ENG"]
[WhiteElo "1815"]
[WhiteRD "57"]
[BlackElo "1718"]
[BlackRD "77"]
[GameID "710025"]

1. c4 Nf6 2. g3 g6 3. Bg2 Bg7 4. Nc3 O-O 5. e4 d6 6. Nge2 c5 7. O-O Nc6 8. d3 a6 9. h3 Rb8 10. a4 Ne8
11. Be3 Nc7 12. d4 cxd4 13. Nxd4 Nxd4 14. Bxd4 Bxd4 15. Qxd4 Ne6 16. Qe3 Bd7 17. e5 dxe5 18. Qxe5 Qc8 19. Nd5 Qd8 20. a5 Rc8
21. b3 Re8 22. Nb6 Rc5 23. Qe3 Bc6 24. Bd5 Qd6 25. b4
1-0

[Event "Play your favorite openings again"]
[Site "SchemingMind.com"]
[Date "2021.03.31"]
[Round "-"]
[White "Clive Everill"]
[Black "Robert Hatfield"]
[Result "0-1"]
[WhiteCountry "CZE"]
[BlackCountry "USA"]
[WhiteElo "1760"]
[WhiteRD "58"]
[BlackElo "1766"]
[BlackRD "61"]
[GameID "710026"]

1. e4 e6 2. d4 d5 3. Nd2 c5 4. Ngf3 Nc6 5. exd5 exd5 6. Bb5 Qe7+ 7. Be2 Qc7 8. O-O Nf6 9. Re1 cxd4 10. Bb5+ Be7
11. Nxd4 O-O 12. N2f3 Bd6 13. Be3 Bd7 14. Nxc6 bxc6 15. Bd3 Ng4 16. g3 Nxe3 17. Rxe3 h6 18. Qd2 Rab8 19. b3 c5 20. c4 d4
21. Ree1 Bc6 22. Be4 Rfe8 23. Bxc6 Qxc6 24. Nh4 Be7 25. Ng2 Bf6 26. Rxe8+ Rxe8 27. Qd3 Qe4 28. Qd1 d3 29. Rc1 g5 30. Qd2 Bd4
31. Re1 Qa8 32. Rxe8+ Qxe8 33. Qxd3 Qe6 34. Ne3 Qd6 35. Nf5 Bxf2+
0-1

[Event "Play your favorite openings again"]
[Site "SchemingMind.com"]
[Date "2021.03.31"]
[Round "-"]
[White "Robert Hatfield"]
[Black "Clive Everill"]
[Result "0-1"]
[WhiteCountry "USA"]
[BlackCountry "CZE"]
[WhiteElo "1766"]
[WhiteRD "61"]
[BlackElo "1760"]
[BlackRD "58"]
[GameID "710027"]

1. c4 Nf6 2. g3 e5 3. Bg2 c6 4. d4 e4 5. Nc3 d5 6. Bg5 Nbd7 7. cxd5 cxd5 8. Qa4 Qb6 9. O-O-O Qb4 10. e3 Qxa4
11. Nxa4 Be7 12. Ne2 O-O 13. Kb1 h6 14. Bxf6 Nxf6 15. h3 b5 16. Nc5 Bf5 17. Nc3 a6 18. g4 Bg6 19. Kc1 Rfc8 20. b4 a5
21. a3 axb4 22. axb4 Nd7 23. Kb2 Nb6 24. Ra1 Nc4+ 25. Kc2 Bh4 26. Kb3 Bxf2 27. Nxd5 Bh4 28. Nxe4 Bxe4 29. Bxe4 Nd2+
0-1

[Event "Play your favorite openings again"]
[Site "SchemingMind.com"]
[Date "2021.03.31"]
[Round "-"]
[White "kenneth m day"]
[Black "Robert Hatfield"]
[Result "0-1"]
[WhiteCountry "USA"]
[BlackCountry "USA"]
[WhiteElo "1643"]
[WhiteRD "53"]
[BlackElo "1815"]
[BlackRD "57"]
[GameID "710028"]

1. e4 e6 2. d4 d5 3. Nc3 Bb4 4. e5 c5 5. a3 Ba5 6. b4 cxd4 7. Qxd4 Bb6 8. Qf4 Ne7 9. Bd3 Nbc6 10. Nf3 Ng6
11. Qg3 a6 12. O-O Bd7 13. Bg5 Qc7 14. Bf4 Nxf4 15. Qxf4 Ne7 16. Ne2 Ng6 17. Qg3 Bb5 18. Rac1 O-O 19. Qh3 Bxd3 20. cxd3 Qe7
21. d4 a5 22. Rfd1 axb4 23. axb4 Ra2 24. Nc3 Ra3 25. Nb5 Nf4 26. Qg4 Ne2+ 27. Kf1 Nxc1 28. Nxa3 Qxb4 29. Nc2 Qc4+ 30. Ke1 Qe2#
0-1

[Event "Play your favorite openings again"]
[Site "SchemingMind.com"]
[Date "2021.03.31"]
[Round "-"]
[White "Robert Hatfield"]
[Black "kenneth m day"]
[Result "1-0"]
[WhiteCountry "USA"]
[BlackCountry "USA"]
[WhiteElo "1791"]
[WhiteRD "60"]
[BlackElo "1640"]
[BlackRD "53"]
[GameID "710029"]

1. c4 e5 2. g3 Nc6 3. Bg2 Nf6 4. Nc3 Bc5 5. e3 O-O 6. Nge2 d6 7. O-O Bd7 8. d4 exd4 9. exd4 Bb4 10. Bg5 Re8
11. Nd5 Ba5 12. Bxf6 gxf6 13. Nef4 Be6 14. Ne3 Kh8 15. d5 Ne5 16. dxe6 fxe6 17. Qc2 c6 18. Rad1 Bb6 19. Rfe1 Qe7 20. b3 f5
21. Qc3 Rg8 22. Nd3 Qg7 23. Nxe5 dxe5 24. f4 Bd4 25. Qd2 Rad8 26. fxe5 Qxe5 27. Bd5 exd5 28. Qxd4 Qxd4 29. Rxd4 dxc4 30. Rxc4 Rd2
31. Rc2 Rxc2 32. Nxc2 f4 33. Kf2 fxg3+ 34. hxg3 Rd8 35. Ne3 Rf8+ 36. Ke2 Rf7 37. g4 Kg7 38. Rd1 Re7 39. Rd6 Kf7 40. Kd3 Rc7
41. Rh6 Kg8 42. a4 Rd7+ 43. Kc4 Kf8 44. Nf5 Rf7 45. Kc5 Rd7 46. Rd6 Ke8 47. Rxd7 Kxd7 48. a5 Kc7 49. Kd4 Kd7 50. Ke5 b6
51. a6 c5 52. Kd5 Kc7 53. Nd6 Kb8 54. g5 Kc7 55. Ke6 Kd8 56. Nb5
1-0

[Event "Play your favorite openings again"]
[Site "SchemingMind.com"]
[Date "2021.03.31"]
[Round "-"]
[White "Thomas Jacob Kelly"]
[Black "Robert Hatfield"]
[Result "1/2-1/2"]
[WhiteCountry "USA"]
[BlackCountry "USA"]
[WhiteElo "1768"]
[WhiteRD "78"]
[BlackElo "1766"]
[BlackRD "61"]
[GameID "710030"]

1. e4 e6 2. d4 d5 3. e5 c5 4. c3 Qb6 5. f4 Bd7 6. a4 Nc6 7. Nf3 cxd4 8. cxd4 Bb4+ 9. Kf2 Nge7 10. g4 h5
11. Rg1 hxg4 12. Rxg4 Nf5 13. Be3 Ke7 14. Bb5 a6 15. Bxc6 Bxc6 16. b3 Rh3 17. Ra2 Rah8 18. Rg2 Bd7 19. Re2 Rc8=
1/2-1/2

[Event "Play your favorite openings again"]
[Site "SchemingMind.com"]
[Date "2021.03.31"]
[Round "-"]
[White "Robert Hatfield"]
[Black "Thomas Jacob Kelly"]
[Result "0-1"]
[WhiteCountry "USA"]
[BlackCountry "USA"]
[WhiteElo "1815"]
[WhiteRD "57"]
[BlackElo "1759"]
[BlackRD "70"]
[GameID "710031"]

1. c4 Nf6 2. g3 g6 3. b4 Bg7 4. Nc3 c6 5. c5 d5 6. cxd6 Qxd6 7. a3 Bf5 8. Bg2 O-O 9. Bb2 Nbd7 10. Nf3 Rfe8
11. O-O Nf8 12. Rc1 e5 13. d4 Rad8 14. dxe5 Qxd1 15. Rfxd1 N6d7 16. Nh4 Rxe5 17. e4 Be6 18. f4 Rb5 19. Nxb5 Bxb2 20. Rb1 Bg7
21. Nd4 Ba2 22. Rb2 c5 23. Ndf3 Bxb2 24. Rd2 Bxa3 25. Rxa2 Bxb4 26. Rxa7 b6 27. Bf1 Ba5 28. f5 Kg7 29. e5 h6 30. fxg6 fxg6
31. Bb5 Kf7 32. Kf2 Ke7 33. Ke3 Rc8 34. Nxg6+ Kd8 35. Nxf8 Nxf8 36. Ke4 c4 37. Ba4 c3 38. Bc2 Bb4 39. g4 Rc4+ 40. Kf5 Be7
41. Rb7 Rb4 42. h4 Bc5 43. g5 hxg5 44. hxg5 Rb2 45. Ne1 Bf2 46. e6 Rb5+ 47. Kf6 Nxe6 48. Kxe6 Rxg5 49. Nf3 Rg2 50. Kd6 Bc5+
51. Kc6 Rxc2 52. Rd7+ Ke8 53. Rd3 Ke7 54. Nd4 Bxd4 55. Rxd4 Rb2 56. Rc4 c2
0-1

[Event "Play your favorite openings again"]
[Site "SchemingMind.com"]
[Date "2021.03.31"]
[Round "-"]
[White "Raymond de Kemp"]
[Black "Robert Hatfield"]
[Result "0-1"]
[WhiteCountry "NED"]
[BlackCountry "USA"]
[WhiteElo "1838"]
[WhiteRD "75"]
[BlackElo "1766"]
[BlackRD "61"]
[GameID "710032"]

1. f4 d5 2. Nf3 c5 3. g3 Nc6 4. Bg2 Nf6 5. O-O g6 6. d3 Bg7 7. Qe1 d4 8. h3 O-O 9. Na3 Be6 10. c4 a6
11. Bd2 Bd7 12. Nc2 b5 13. e4 bxc4 14. dxc4 Qb6 15. b3 Rfb8 16. e5 Ne8 17. Ng5 Nc7 18. Bd5 Nxd5 19. cxd5 Nb4 20. Nxb4 cxb4
21. e6 fxe6 22. dxe6 Bc6 23. Rc1 Rc8 24. Bxb4 d3+ 25. Bc5 Bd4+ 26. Bxd4 Qxd4+ 27. Qf2 Qd5 28. Kh2 h6 29. Nf7 Kg7 30. Qb2+ Kh7
31. Ng5+ hxg5 32. fxg5 Rf8 33. Rf7+ Rxf7 34. exf7 Rf8 35. Rf1 Rxf7 36. Rxf7+ Qxf7 37. Qd2 Qd5
0-1

[Event "Play your favorite openings again"]
[Site "SchemingMind.com"]
[Date "2021.03.31"]
[Round "-"]
[White "Robert Hatfield"]
[Black "Raymond de Kemp"]
[Result "1-0"]
[WhiteCountry "USA"]
[BlackCountry "NED"]
[WhiteElo "1815"]
[WhiteRD "57"]
[BlackElo "1843"]
[BlackRD "70"]
[GameID "710033"]

1. c4 e5 2. g3 f5 3. Bg2 Nf6 4. Nc3 Be7 5. d3 O-O 6. Nd5 Bc5 7. b4 Bd4 8. Rb1 Nxd5 9. cxd5 d6 10. Bb2 Bxb2
11. Rxb2 Nd7 12. e4 f4 13. Bf3 a5 14. bxa5 Rxa5 15. g4 Nc5 16. h4 Na4 17. Rc2 Bd7 18. d4 exd4 19. Qxd4 Nc5 20. Ne2 Ra4
21. Qd2 Nxe4 22. Qd3 Re8 23. Kf1 Nc5 24. Qd2 Bb5 25. Kg2 Bxe2 26. Bxe2 c6 27. Bf3 Ne4 28. Bxe4 Raxe4 29. dxc6 bxc6 30. Rxc6 Qd7
31. Qd5+ Kh8 32. Kh3 Qa7 33. Qxe4 Qf7 34. Qc2 Qd5 35. Rg1 h5 36. Rc8 hxg4+ 37. Kh2 g3+ 38. fxg3 fxg3+ 39. Rxg3
1-0